000 00483nam a2200181Ia 4500
005 20250508151146.0
008 008 250505s9999 xx 000 0 hin d
037 _aTextual
040 _aFEDL
_beng
_cFEDL
041 _ahin
_2eng
084 _a891.434, JAI
_qFEDL
100 _aJain Kumar
_9424792
245 0 _aSoch vichar
260 _aDelhi, India
_bPurvodiya Prakashan
_c1953
300 _a300p.
942 _cTEXL
_h891.434, JAI
999 _c1327968
_d1327968